000 00806nam a22002414a 4500
008
020 _a0750669977 (pbk.)
049 _aMAIN
050 0 0 _aHG173
_bENN
100 1 _aEnnew, Christine.
245 1 0 _aFinancial services marketing :
_ban international guide to principles and practice /
_cChristine T Ennew and Nigel Waite ; [with a foreword by Ron Sandler]
260 _aLondon :
_bButterworth-Heinemann,
_c2007.
300 _aviiii, 400 p. :
_bill. ;
_c25 cm.
504 _aIncludes bibliographical references.
500 _aIncludes Index.
650 0 _aFinancial services industry
_xMarketing.
700 1 _aWaite, Nigel.
907 _a.b10267797
_b08-02-13
_c01-10-09
003
005 20230123124951.0
040 _cNUST
942 _cBOOKS
999 _c133391
_d133391